[Event "Lancaster Major 3rd"]
[Site "Lancaster"]
[Date "2025.08.17"]
[Round "5.3"]
[White "Shaw, Kevin F"]
[Black "Ellames, George J"]
[Result "1/2-1/2"]
[WhiteElo "1773"]
[BlackElo "1874"]
[PlyCount "65"]
[EventDate "2025.08.15"]
[EventType "swiss"]
[EventRounds "5"]
[EventCountry "ENG"]
[SourceTitle "BritBase"]
[Source "John Saunders"]
[SourceDate "2025.08.25"]
[SourceVersion "1"]
[SourceVersionDate "2025.08.20"]
[SourceQuality "1"]

1. e4 d6 2. d4 Nf6 3. Bd3 e5 4. d5 Be7 5. h3 c6 6. c4 O-O 7. Nf3 Na6 8. O-O Nc5 9. Nc3 cxd5 10. cxd5 Nxd3 11. Qxd3 Nh5 12. Re1 f5 13. exf5 Bxf5 14. Ne4 Bxe4 15. Rxe4 Nf6 16. Re1 e4 17. Qe2 exf3 18. Qxe7 Qxe7 19. Rxe7 Rf7 20. Re6 Re8 21. Bf4 Rxe6 22. dxe6 Re7 23. Re1 Ne8 24. gxf3 g5 25. Bg3 Kg7 26. f4 Kf6 27. Kg2 Kf5 28. fxg5 Kxg5 29. Rd1 Rxe6 30. Rd5+ Kf6 31. Bh4+ Kf7 32. Kf3 h6 33. Rd3 1/2-1/2

[Event "Lancaster Major 3rd"]
[Site "Lancaster"]
[Date "2025.08.17"]
[Round "5.4"]
[White "Howieson, Stuart A"]
[Black "Graham, Geoffrey"]
[Result "1/2-1/2"]
[WhiteElo "1816"]
[BlackElo "1853"]
[PlyCount "49"]
[EventDate "2025.08.15"]
[EventType "swiss"]
[EventRounds "5"]
[EventCountry "ENG"]
[SourceTitle "BritBase"]
[Source "John Saunders"]
[SourceDate "2025.08.25"]
[SourceVersion "1"]
[SourceVersionDate "2025.08.20"]
[SourceQuality "1"]

1. d4 Nf6 2. Bf4 c5 3. e3 e6 4. c3 Nc6 5. Nf3 Be7 6. Bd3 O-O 7. h3 h6 8. O-O cxd4 9. exd4 d6 10. Nbd2 a6 11. Qc2 b5 12. a3 Bb7 13. Rfe1 Rc8 14. Qb1 Qd7 15. Ne4 Na5 16. Nxf6+ Bxf6 17. Be4 Bxe4 18. Qxe4 Nc4 19. Rab1 d5 20. Qd3 Nd6 21. Bxd6 Qxd6 22. Ne5 Rc7 23. Re2 Rb8 24. Rbe1 Re7 25. f4 1/2-1/2